Прошение временно обязанного крестьянина Мещевского уезда Стрельнинской волости деревни Казина Егора Леонова о выкупе своих усад...

Доступно только в Электронных читальных залах Найти на картеНа карте
RUSMARC
00004062nmc2a22000003x 450
001c154903e-f75b-47be-8c17-af4d5425e57d
00520210217201538.0
100##$a20190801l18721872k l0rusy0189 ca
1010#$arus
102##$aRU
2001#$aПрошение временно обязанного крестьянина Мещевского уезда Стрельнинской волости деревни Казина Егора Леонова о выкупе своих усадебных оседлостей и полевых угодий у И.Д. Делянова без содействия правительства
$j19 февраля 1872 г.
251##$cДело
300##$aХозяйственные материалы
801#0$aRU
$bРГИА
$c20190801
$gRCR
801#1$aRU
$bГлавНИВЦ
$c20190801
$2rusmarc
801#2$aRU
$bПБ им. Б.Н. Ельцина
$c20210217
$gRCR
$2rusmarc
850##$aРГИА
852##$aРГИА
$eФедеральное казенное учреждение "Российский государственный исторический архив" (РГИА)
$j684
937##$hРГИА
$d12276217
$aASBIBLIO_SCAN
462#0$10013dfa799b-3a50-4673-b3be-8a348f2dcc4f
$12001
$aЛичные, служебные и имущественные документы И. Д. Делянова. Переписка И. Д. Делянова и членов его семьи. Служебная переписка директора Департамента народного просвещения Н. М. Аничкова
$1251
$cОпись
$1852
$j1
461#0$100199155341-bdc0-4986-8135-aafdb775052f
$12001
$aДелянов Иван Давыдович, граф, статс-секретарь, управляющий делами Секретного комитета о раскольниках, попечитель учебного округа, директор Публичной библиотеки, министр народного просвещения
$1251
$cФонд
$1852
$j1604
215##$a1 л.
$d36,5х26 см
371##$aДокумент не является опубликованным и широко распространяемым
105##$ay###
1220#$ad
035##$ac154903e-f75b-47be-8c17-af4d5425e57d
856##$uhttp://readingroom.main.prlib.ru/item.aspx?id_node=n157412142&mode=full
Формат отображения